000 00741nam a2200205Ia 4500
005 20260121110107.0
008 008 260114s9999 xx 000 0 hin d
020 _a9788132364672
037 _aEBOOK
040 _aCRL
_bhin
_cCRL
041 _ahin
_2hin
084 _qCRL
100 _aभगवती पांडे / Bhagwati Pandey
_9941960
245 0 _aग्रामीण अर्थव्‍यवस्‍था पर डव्‍ल्‍यूटीओ का असर / Gramin Arthvyavastha Par WTO Ka Asar
260 _bभाषा प्रकाशन / Bhasha Prakashan
_c2021
856 _uhttps://bhashaprakashan.com/product-details/379118
942 _cEBOOK
999 _c1533625
_d1533625